000 00643nam a22002177a 4500
005 20170124105936.0
010 _aA-239296
020 _c00.00
035 _aA-239296
037 _bCen Lib/Ret
040 _aDPL
_bEN
082 _a327.47
_bGRO
100 _aGromyko, A. A
_99760
245 _aPeace now, peace for the future :
_cby A. A. Gromyko
_bselected speeches and writings /
260 _a New Delhi
_bAllied Publishers
_c1985
270 _a13/14 Asaf Ali Road
_bNew Delhi
_e110002
300 _avii,399p.
_c22cm(Hb)
650 _apeace
_95539
650 _aWorld politics
_95568
942 _2ddc
_cEN
_h327.47
_mGRO
999 _c124197
_d124197